000 00786nas a2200265 4500
001 BR9805198
003 BR-BrBNA
005 20231205101140.0
007 ta
008 230509b bl.|||p| |||| 00| 00por d
040 _aBR-BrBNA
_bpor
_cBiblioteca Nacional de Agricultura
041 _a(Pt)
072 _aF03
100 1 _aAhrens, D.C.
100 1 _aPeske, S.T.
245 1 _aInfluencia da umidade ambiental sobre o teor de agua e a qualidade fisiologica da semente de soja
650 _aSemente
650 _aSoja
650 _aQualidade
650 _aUmidade Ambiente
650 _aTeor de Umidade
773 0 _tInformativo ABRATES (Brazil)
_xISSN 0103-667X
_g(Sep 1993), v. 3(4) p. 40-45
_wBR9805198
909 _a202311
_bLúcia
_c55
_dLúcia Elande
942 _2AGRIS
_n0
_cANA
999 _c160056
_d160056